<?xml version="1.0" encoding="UTF-8"?>
<marc:record xmlns:marc="http://www.loc.gov/MARC21/slim">
   <marc:leader>00000nam a2200000 a 4500</marc:leader>
   <marc:datafield ind1="1" ind2=" " tag="100">
      <marc:subfield code="a">Janssen, Arne</marc:subfield>
      <marc:subfield code="4">ctb</marc:subfield>
      <marc:subfield code="e">Mitwirkende/-r</marc:subfield>
   </marc:datafield>
   <marc:datafield ind1=" " ind2=" " tag="653">
      <marc:subfield code="a">Immergrüne Pflanzen</marc:subfield>
   </marc:datafield>
   <marc:datafield ind1=" " ind2=" " tag="653">
      <marc:subfield code="a">Gartengestaltung</marc:subfield>
   </marc:datafield>
   <marc:datafield ind1=" " ind2=" " tag="653">
      <marc:subfield code="a">Ratgeber</marc:subfield>
   </marc:datafield>
   <marc:datafield ind1="0" ind2="0" tag="245">
      <marc:subfield code="a">Immergrüne Gärten</marc:subfield>
   </marc:datafield>
   <marc:datafield ind1="0" ind2="0" tag="245">
      <marc:subfield code="b">ganzjährige Pracht mit Rhododendron, Buchs &amp; Co</marc:subfield>
   </marc:datafield>
   <marc:datafield ind1="0" ind2="0" tag="245">
      <marc:subfield code="c">Arne Janssen</marc:subfield>
   </marc:datafield>
   <marc:datafield ind1=" " ind2="1" tag="264">
      <marc:subfield code="a">München</marc:subfield>
      <marc:subfield code="b">Gräfe und Unzer</marc:subfield>
      <marc:subfield code="c">2011</marc:subfield>
   </marc:datafield>
   <marc:datafield ind1=" " ind2=" " tag="250">
      <marc:subfield code="a">1. Aufl.</marc:subfield>
   </marc:datafield>
   <marc:datafield ind1="1" ind2=" " tag="520">
      <marc:subfield code="a">Angaben aus der Verlagsmeldung

Immergrüne Gärten : Ganzjährige Pracht mit Rhododendron, Buchs &amp; Co / von Arne Janssen

Immergrüne Gärten sind nicht nur pflegeleicht, sondern auch ganzjährig attraktiv. Im Sommer bilden immergrüne Pflanzen wohltuende Ruhepunkte zwischen bunten Blütenmeeren, im Winter untergliedern sie den Garten und geben ihm Struktur. Dabei bestechen Immergrüne nicht nur durch ihre Blätter. Viele Arten werden mit ihren leuchtenden Blüten oder Früchten selbst zum Hingucker. Dieser Ratgeber zeigt, wie Sie Immergrüne wie Rhododendren, Bambus, Lavendel und Buchs im Garten gezielt einsetzen - ob als Solitärgehölz, Sichtschutz oder Pyramide im Kübel. Gestaltungsbeispiele mit Pflanzplan und Pflanzenliste liefern Anregungen für verschiedene Gartensituationen und Gartenstile. Der umfangreiche Porträtteil stellt über 120 immergrüne Pflanzen vor: von Laub- und Nadelgehölzen über Stauden, Bodendecker und Kletterpflanzen bis hin zu Gräsern und Farnen. Mit dem richtigen Know-how zu Pflanzung, Pflege und Formschnitt von Buchs und Co. wird Sie die immergrüne Gartenpracht das ganze Jahr begeistern!
</marc:subfield>
   </marc:datafield>
   <marc:datafield ind1=" " ind2=" " tag="020">
      <marc:subfield code="a">9783833820854</marc:subfield>
      <marc:subfield code="9">9783833820854</marc:subfield>
   </marc:datafield>
   <marc:datafield ind1=" " ind2=" " tag="041">
      <marc:subfield code="a">ger</marc:subfield>
   </marc:datafield>
   <marc:datafield ind1=" " ind2=" " tag="300">
      <marc:subfield code="a">144 S.</marc:subfield>
   </marc:datafield>
</marc:record>
